000 00866nam a2200253 a 4500
001 000004082
005 20200929150709.0
008 960605s1964 nyu 000 f spa
040 _aDO-SdBNP
_bspa
_cBNPHU
041 1 7 _aspa
_heng
_2Código de idioma MARC
082 _a813.52
_bB448h
100 1 _aBellow, Saul.
_912163
240 1 0 _aHenderson, the rain king.
_lEspañol
245 1 0 _aHenderson, el rey de la lluvia /
_cSaul Bellow.
260 _aMéxico :
_bJoaquín Mortiz,
_c1964.
300 _a345 p. ;
_c19 cm.
490 1 _aNovelistas contemporáneos
534 _pTítulo original
_tHenderson, the rain king
650 4 _aNovela estadounidense
_ySIGLO XX.
_96873
650 4 _aLiteratura estadounidense
_ySIGLO XX
_vNOVELA.
_910902
700 1 _aOzores, Vera
_etr.
_912164
830 0 _aNovelistas contemporáneos
_911918
910 _aJornada de catalogación
999 _c3900
_d3900